000 00496nam a2200169Ia 4500
003 GCL
008 140319s9999 xx 000 0 ara d
040 _aGCL /
_cGCL
082 0 4 _aق
_b962.32
_bم م
100 1 _aمحمد عبدالهادى
245 1 0 _aمبادىء ترميم وصيانة الاثار غير العضوية /
_cمحمد عبدالهادى
300 _a136 ص
490 _a100 قصة
_v0
650 0 4 _aالاثار
650 0 4 _aترميم الاثار
942 _2ddc
_cBK
999 _c46449
_d46449